| 000 | 01027nam a2200289 i 4500 | ||
|---|---|---|---|
| 001 | 4139 | ||
| 003 | BD-RjUL | ||
| 005 | 20211208233835.0 | ||
| 008 | 131222s1974 bg b 00010 eng | ||
| 035 | _a(BD-RjUL)4173 | ||
| 040 |
_aBD-RjUL _beng _cBD-RjUL |
||
| 041 | _aeng | ||
| 082 | 0 | 0 |
_a332.0415095492 _bALS 1974 |
| 100 | 1 | 0 |
_aAlamgir, Mohiuddin, _d1943- _913133 |
| 245 | 1 | 0 |
_aSaving in Bangladesh, 1959/60-1969/70 / _cby Mohiuddin Alamgir, Atiqur Rahman. |
| 260 | 0 |
_aDacca : _bBangladesh Institute of Development Studies, _c1974. |
|
| 300 |
_axv, 260 p. ; _c22 cm. |
||
| 490 | 1 | _aResearch monograph - Bangladesh Institute of Development Studies ; no. 2 | |
| 500 | _aTk30.00 ($10.00 U.S.) | ||
| 504 | _aIncludes bibliographical references. | ||
| 650 | 0 |
_aSaving and investment _zBangladesh. _913134 |
|
| 830 | 0 |
_vno. 2. _913143 |
|
| 700 | 1 | 0 |
_aRahman, Atiqur, _ejoint author. _913136 |
| 830 | 0 |
_aResearch monograph (Bangladesh Institute of Development Studies) ; _913137 |
|
| 942 |
_2ddc _cBK |
||
| 999 |
_c4139 _d4139 |
||